| 000 | 00510nam a2200169 i 4500 | ||
|---|---|---|---|
| 001 | 21544 | ||
| 003 | ES-MaACL | ||
| 005 | 20230906152511.0 | ||
| 007 | t| | ||
| 008 | 021126s1962 sp ||||1| spa d | ||
| 100 | 1 |
_aAlbright, W. F. _919427 |
|
| 245 | 1 | 0 |
_aArqueología de Palestina / _cW.F. Albright ; traducción por David Romano. |
| 260 |
_aBarcelona : _bGarriga, _c[1962] |
||
| 300 |
_a264 p., 10 p. de lám. : _bil. ; _c23 cm. |
||
| 700 | 1 |
_aRomano, David. _999249 |
|
| 852 |
_aES-MaACL _jC-22695 _bR.51329 |
||
| 999 |
_c21544 _d21544 |
||